000 00234nam a22000857a 4500
008 161124b xxu||||| |||| 00| 0 eng d
100 _91372
_aCBSE
245 _aSenoir school curriculum - 2009
260 _aNew delhi
_bNational book trust
_c2007
999 _c4086
_d4086